书目信息 |
| 题名: |
台球技巧图解
|
|
| 作者: | 刘望 编著 | |
| 分册: | ||
| 出版信息: | 北京 北京体育大学出版社 2004 |
|
| 页数: | 170页 | |
| 开本: | 20cm | |
| 丛书名: | ||
| 单 册: | ||
| 中图分类: | G893 | |
| 科图分类: | ||
| 主题词: | 台球运动--基本知识 , 台球运动 | |
| 电子资源: | ||
| ISBN: | 7-81100-036-9 | |
| 000 | 00747nam0 2200241 450 | |
| 001 | 002762684 | |
| 005 | 20061112081735.62 | |
| 010 | @a7-81100-036-9@dCNY15.00 | |
| 100 | @a20041110d2004 em y0chiy0110 ea | |
| 101 | 0 | @achi |
| 102 | @aCN@b110000 | |
| 105 | @aa z 000yy | |
| 200 | 1 | @a台球技巧图解@9tai qiu ji qiao tu jie@f刘望等编著 |
| 210 | @a北京@c北京体育大学出版社@d2004 | |
| 215 | @a170页@d20cm | |
| 330 | @a本书以通俗的文字,结合打台球过程中遇到的普遍问题,以大量的图例生动地表现了台球运动的基本技术、训练方法以及击球技巧。 | |
| 510 | 1 | @aBilliard@zeng |
| 606 | 0 | @a台球运动@x基本知识 |
| 606 | 0 | @a台球运动 |
| 690 | @aG893@v4 | |
| 701 | 0 | @a刘望@9liu wang@c(体育)@4编著 |
| 801 | 0 | @aCN@bNLC@c20061112 |
| 905 | @a10447@dG893@e227 | |
| 台球技巧图解/刘望等编著.-北京:北京体育大学出版社,2004 |
| 170页;20cm |
| ISBN 7-81100-036-9:CNY15.00 |
| 本书以通俗的文字,结合打台球过程中遇到的普遍问题,以大量的图例生动地表现了台球运动的基本技术、训练方法以及击球技巧。 |
| ● |
| 相关链接 |
|
|
|
|
正题名:台球技巧图解
索取号:G893/227
 
预约/预借
| 序号 | 登录号 | 条形码 | 馆藏地/架位号 | 状态 | 备注 |
| 1 | 0383721 | 203837214 | 第一样本阅览室/ [索取号:G893/227] | 在馆 | |
| 2 | 0383722 | 203837223 | 第四借阅区/ [索取号:G893/227] | 在馆 | |
| 3 | 0383723 | 203837232 | 第四借阅区/ [索取号:G893/227] | 在馆 | |
| 4 | 0383724 | 203837241 | 第四借阅区/ [索取号:G893/227] | 在馆 | |
| 5 | 0383725 | 203837250 | 第四借阅区/ [索取号:G893/227] | 在馆 |